El agente confidencial / (Registro nro. 41936)
[ vista simple ]
| 000 -LEADER | |
|---|---|
| fixed length control field | 01148cam a2200361 i 4500 |
| 001 - CONTROL NUMBER | |
| control field | 41936 |
| 003 - CONTROL NUMBER IDENTIFIER | |
| control field | Mx-PuUPA |
| 005 - DATE AND TIME OF LATEST TRANSACTION | |
| control field | 20251015100845.0 |
| 008 - FIXED-LENGTH DATA ELEMENTS--GENERAL INFORMATION | |
| fixed length control field | 140415s1972 sp gr 001 f spa d |
| 017 ## - COPYRIGHT OR LEGAL DEPOSIT NUMBER | |
| Copyright or legal deposit number | B. 21538-1972 |
| 040 ## - CATALOGING SOURCE | |
| Transcribing agency | Mx-PuUPA |
| Original cataloging agency | Mx-PuUPA |
| Language of cataloging | spa |
| Modifying agency | Mx-PuUPA |
| Description conventions | rda |
| 041 1# - LANGUAGE CODE | |
| Language code of text/sound track or separate title | spa |
| Language code of original | eng |
| 043 ## - GEOGRAPHIC AREA CODE | |
| Geographic area code | e-uk-en |
| 100 1# - MAIN ENTRY--PERSONAL NAME | |
| Personal name | Greene, Graham, |
| Dates associated with a name | 1904-1991 |
| 9 (RLIN) | 13830 |
| Relator term | autor |
| 240 14 - UNIFORM TITLE | |
| Uniform title | The confidential agent. |
| Language of a work | Español |
| 245 13 - TITLE STATEMENT | |
| Title | El agente confidencial / |
| Remainder of title | Graham Greene |
| 264 #1 - PRODUCTION, PUBLICATION, DISTRIBUTION, MANUFACTURE, AND COPYRIGHT NOTICE | |
| Place of production, publication, distribution, manufacture | Barcelona : |
| Name of producer, publisher, distributor, manufacturer | Luis de Caralt ; |
| -- | Editoriales GP, |
| Date of production, publication, distribution, manufacture, or copyright notice | ©1972 |
| 300 ## - PHYSICAL DESCRIPTION | |
| Extent | 250 Paginas; |
| Dimensions | 18 cm |
| 336 ## - CONTENT TYPE | |
| Fuente | rdacontent |
| Content type term | texto |
| Content type code | txt |
| 337 ## - MEDIA TYPE | |
| Source | rdamedia |
| Media type term | sin medio |
| Media type code | n |
| 338 ## - CARRIER TYPE | |
| Source | rdacarrier |
| Carrier type term | volumen |
| Carrier type code | nc |
| 490 0# - SERIES STATEMENT | |
| Series statement | Libros Reno ; |
| Volume/sequential designation | 419 |
| 650 #7 - SUBJECT ADDED ENTRY--TOPICAL TERM | |
| Source of heading or term | armarc |
| Topical term or geographic name entry element | Novela de suspenso |
| 650 #7 - SUBJECT ADDED ENTRY--TOPICAL TERM | |
| Source of heading or term | armarc |
| Topical term or geographic name entry element | Novela Inglesa |
| 650 #7 - SUBJECT ADDED ENTRY--TOPICAL TERM | |
| Source of heading or term | armarc |
| Topical term or geographic name entry element | Asesinato |
| Form subdivision | Novela |
| 651 #4 - SUBJECT ADDED ENTRY--GEOGRAPHIC NAME | |
| Geographic name | Inglarterra |
| Form subdivision | Novela |
| 655 #4 - INDEX TERM--GENRE/FORM | |
| Genre/form data or focus term | Novela Inglesa |
| 765 0# - ORIGINAL LANGUAGE ENTRY | |
| Main entry heading | Greene, Graham |
| Title | The condifential agent |
| 942 ## - ADDED ENTRY ELEMENTS (KOHA) | |
| Source of classification or shelving scheme | Dewey Decimal Classification |
| Koha item type | Libro |
| Classification part | 823 |
| Item part | G7818 |
| Withdrawn status | Lost status | Source of classification or shelving scheme | Damaged status | Not for loan | Collection code | Home library | Current library | Shelving location | Date acquired | Source of acquisition | Cost, normal purchase price | Total Checkouts | Full call number | Barcode | Date last seen | Cost, replacement price | Price effective from | Koha item type |
|---|---|---|---|---|---|---|---|---|---|---|---|---|---|---|---|---|---|---|
| Dewey Decimal Classification | General | Biblioteca Karol Wojtyla | Biblioteca Karol Wojtyla | Sala general | 03/12/2013 | Donación | 0.00 | 823 G7818 1972 | 63248 | 05/01/2026 | 0.00 | 03/12/2013 | Libro |